000 00653nam a2200229Ia 4500
003 OSt
005 20221007071945.0
006 a|||||r|||| 00| 0
007 ta
008 221006b |||||||| |||| 00| 0 eng d
024 _a25,525
037 _cTextual
040 _aFLL
_cFLL
_beng
041 _2eng
_aeng
082 _aV3:2:9z, L3
100 _aMembers of the Political Studies Association
_9689735
245 0 _aResearh papers
260 _aLondon
_bMajesty's Stationery Office UK
_c1973
300 _a52p
_ccm.
942 _hV3:2:9z, L3
_cTEXL
_2CC
999 _c1144775
_d1144775